[Event "2024 US National High School (K-12) Championship"]
[Site "Baltimore, Maryland, United States"]
[Date "2024.04.06"]
[Round "4.21"]
[White "Chen, Davin"]
[Black "Sapru, Agastya"]
[Result "1-0"]
[TimeControl "G/90; d10"]
[BlackFideId "39906299"]
[WhiteElo "1683"]
[BlackElo "1750"]

1. e3 {[%clk 01:30:00]} {[%emt 00:00:08]} c5 {[%clk 01:29:28]} {[%emt
00:01:01]} 2. b3 {[%clk 01:30:00]} d5 {[%clk 01:29:08]} {[%emt 00:00:16]} 3.
Bb2 {[%clk 01:30:00]} {[%emt 00:00:04]} Nc6 {[%clk 01:28:24]} {[%emt 00:00:48]}
4. Bb5 {[%clk 01:30:00]} {[%emt 00:00:16]} Bd7 {[%clk 01:28:04]} {[%emt
00:00:19]} 5. Nf3 {[%clk 01:30:00]} {[%emt 00:00:27]} e6 {[%clk 01:27:14]}
{[%emt 00:00:39]} 6. O-O {[%clk 01:30:00]} {[%emt 00:00:21]} Nf6 {[%clk
01:26:32]} {[%emt 00:00:38]} 7. Bxc6 {[%clk 01:29:43]} {[%emt 00:01:04]} Bxc6
{[%clk 01:26:04]} {[%emt 00:00:07]} 8. Ne5 {[%clk 01:29:43]} {[%emt 00:00:07]}
Qc7 {[%clk 01:22:13]} {[%emt 00:03:50]} 9. f4 {[%clk 01:29:27]} {[%emt
00:00:26]} Bd6 {[%clk 01:20:22]} {[%emt 00:02:03]} 10. d3 {[%clk 01:29:27]}
{[%emt 00:00:10]} O-O-O {[%clk 01:17:26]} {[%emt 00:03:02]} 11. Nd2 {[%clk
01:29:05]} {[%emt 00:00:33]} h5 {[%clk 01:13:46]} {[%emt 00:03:53]} 12. c4
{[%clk 01:28:38]} {[%emt 00:00:34]} Rdg8 {[%clk 01:10:04]} {[%emt 00:04:00]} 13.
cxd5 {[%clk 01:28:28]} {[%emt 00:00:13]} Nxd5 {[%clk 01:08:47]} {[%emt
00:01:29]} 14. Ndc4 {[%clk 01:28:10]} {[%emt 00:00:25]} Be8 {[%clk 00:59:43]}
{[%emt 00:09:13]} 15. e4 {[%clk 01:27:34]} {[%emt 00:00:47]} Nb6 {[%clk
00:56:51]} {[%emt 00:03:01]} 16. Nxd6+ {[%clk 01:27:15]} {[%emt 00:00:33]} Qxd6
{[%clk 00:56:09]} {[%emt 00:00:47]} 17. Qc2 {[%clk 01:26:52]} {[%emt 00:00:34]}
f6 {[%clk 00:53:16]} {[%emt 00:03:04]} 18. Nc4 {[%clk 01:26:25]} {[%emt
00:00:36]} Nxc4 {[%clk 00:51:19]} {[%emt 00:02:06]} 19. Qxc4 {[%clk 01:26:25]}
{[%emt 00:00:34]} Bc6 {[%clk 00:46:19]} {[%emt 00:04:41]} 20. Rac1 {[%clk
01:24:35]} {[%emt 00:02:13]} Kb8 {[%clk 00:41:17]} {[%emt 00:05:01]} 21. a3
{[%clk 01:23:26]} {[%emt 00:01:19]} Qd7 {[%clk 00:26:03]} {[%emt 00:15:22]} 22.
a4 {[%clk 01:22:46]} {[%emt 00:00:53]} f5 {[%clk 00:24:41]} {[%emt 00:01:39]}
23. Rfd1 {[%clk 01:21:48]} {[%emt 00:00:57]} Rc8 {[%clk 00:17:58]} {[%emt
00:06:57]} 24. Qxc5 {[%clk 01:19:35]} {[%emt 00:02:20]} Rhg8 {[%clk 00:15:26]}
{[%emt 00:02:45]} 25. Bd4 {[%clk 01:17:51]} {[%emt 00:01:51]} b6 {[%clk
00:14:41]} {[%emt 00:01:04]} 26. Be5+ {[%clk 01:17:37]} {[%emt 00:00:29]} Ka8
{[%clk 00:12:43]} {[%emt 00:01:55]} 27. Qb4 {[%clk 01:16:57]} {[%emt 00:00:50]}
Qb7 {[%emt 00:02:41]} 28. Re1 {[%clk 01:15:06]} {[%emt 00:01:10]} g5 {[%clk
00:09:49]} {[%emt 00:01:41]} 29. a5 {[%clk 01:13:50]} {[%emt 00:01:07]} gxf4
{[%clk 00:06:57]} {[%emt 00:03:02]} 30. axb6 {[%clk 01:12:54]} {[%emt
00:01:07]} Qxb6+ {[%clk 00:06:49]} {[%emt 00:00:59]} 31. Qxb6 {[%clk 01:12:54]}
axb6 {[%clk 00:06:49]} 32. Bxf4 {[%clk 01:12:46]} Kb7 {[%clk 00:06:08]} {[%emt
00:00:43]} 33. g3 {[%clk 01:12:22]} {[%emt 00:00:44]} h4 {[%clk 00:05:31]}
{[%emt 00:00:34]} 34. exf5 {[%clk 01:12:21]} {[%emt 00:00:14]} hxg3 {[%clk
00:05:03]} {[%emt 00:00:36]} 35. hxg3 {[%clk 01:11:50]} {[%emt 00:00:41]} exf5
{[%emt 00:00:56]} 36. Re7+ {[%clk 01:11:50]} Ka6 {[%clk 00:04:32]} {[%emt
00:00:21]} 37. Re5 {[%clk 01:11:50]} {[%emt 00:00:03]} Rcd8 {[%clk 00:03:36]}
{[%emt 00:01:02]} 38. Rxc6 {[%clk 01:11:35]} {[%emt 00:00:10]} Rxd3 {[%clk
00:03:26]} {[%emt 00:00:20]} 39. Re3 {[%clk 01:11:16]} {[%emt 00:00:38]} Rd1+
{[%clk 00:02:54]} {[%emt 00:00:34]} 40. Kf2 {[%clk 01:11:16]} {[%emt 00:00:14]}
Rh8 {[%clk 00:02:41]} {[%emt 00:00:18]} 41. Ke2 {[%clk 01:11:01]} {[%emt
00:00:43]} Rhh1 {[%clk 00:02:36]} 42. Rc2 {[%clk 01:09:43]} {[%emt 00:01:48]}
Rd4 {[%clk 00:00:08]} {[%emt 00:02:14]} 43. Rf3 {[%clk 01:07:54]} {[%emt
00:01:59]} Re4+ {[%clk 00:00:07]} {[%emt 00:00:14]} 44. Kd3 {[%clk 01:07:35]}
{[%emt 00:00:27]} Rb1 {[%clk 00:00:06]} {[%emt 00:00:24]} 45. Ra2+ {[%clk
01:07:00]} {[%emt 00:00:32]} Kb5 {[%clk 00:00:06]} {[%emt 00:00:17]} 46. Kc2
{[%clk 01:06:42]} {[%emt 00:00:19]} Rh1 {[%clk 00:00:06]} {[%emt 00:00:06]} 47.
Bd2 {[%clk 01:06:03]} {[%emt 00:00:55]} Rh2 {[%clk 00:00:06]} {[%emt 00:00:15]}
48. Rxf5+ {[%clk 01:06:03]} Kc6 {[%clk 00:00:05]} {[%emt 00:00:11]} 49. Ra4
{[%clk 01:05:36]} {[%emt 00:00:33]} Ree2 {[%clk 00:00:05]} {[%emt 00:00:05]} 50.
Rd4 {[%clk 01:05:36]} {[%emt 00:00:09]} Rhg2 {[%clk 00:00:05]} {[%emt
00:00:07]} 51. g4 {[%clk 01:05:18]} {[%emt 00:00:23]} Kc7 {[%clk 00:00:05]}
{[%emt 00:00:16]} 52. g5 {[%clk 01:05:12]} {[%emt 00:00:11]} Kb7 {[%clk
00:00:05]} {[%emt 00:00:09]} 53. Rd6 {[%clk 01:04:27]} {[%emt 00:00:49]} Kc7
{[%clk 00:00:05]} {[%emt 00:00:15]} 54. Rdd5 {[%clk 01:03:42]} {[%emt
00:00:48]} Kc6 {[%clk 00:00:05]} {[%emt 00:00:03]} 55. b4 {[%clk 01:03:28]}
{[%emt 00:00:45]} b5 {[%clk 00:00:05]} 56. Rc5+ {[%clk 01:03:03]} {[%emt
00:00:21]} Kb6 {[%clk 00:00:05]} {[%emt 00:00:07]} 57. Rxb5+ {[%clk 01:02:54]}
{[%emt 00:00:15]} Ka7 {[%clk 00:00:05]} {[%emt 00:00:19]} 58. Rbd5 {[%clk
01:02:38]} {[%emt 00:00:14]} Kb6 {[%clk 00:00:05]} {[%emt 00:00:30]} 59. Rf6+
{[%clk 01:02:33]} {[%emt 00:00:03]} Kc7 {[%clk 00:00:05]} 60. g6 {[%clk
01:02:33]} {[%emt 00:00:08]} Kb7 {[%clk 00:00:05]} 61. b5 {[%clk 01:01:40]}
{[%emt 00:01:01]} Kc7 {[%clk 00:00:05]} {[%emt 00:00:04]} 62. b6+ {[%clk
01:01:36]} {[%emt 00:00:10]} Kb7 {[%clk 00:00:05]} 63. Rd7+ {[%clk 01:01:18]}
{[%emt 00:00:31]} Ka6 {[%clk 00:00:05]} {[%emt 00:00:09]} 64. b7+ {[%clk
01:01:16]} {[%emt 00:00:09]} Kb5 {[%clk 00:00:04]} {[%emt 00:00:14]} 65. b8=Q+
{[%clk 01:01:14]} {[%emt 00:00:11]} Kc4 {[%clk 00:00:04]} {[%emt 00:00:09]} 66.
Qb4# {[%clk 01:01:14]} {[%emt 00:00:07]} 1-0

[Event "2024 US National High School (K-12) Championship"]
[Site "Baltimore, Maryland, United States"]
[Date "2024.04.06"]
[Round "4.22"]
[White "Chen, Kory"]
[Black "Rajesh, Rishan"]
[Result "0-1"]
[TimeControl "G/90; d10"]
[BlackFideId "39938832"]
[WhiteElo "1672"]
[BlackElo "1742"]

1. e4 {[%clk 01:30:00]} e5 {[%clk 01:30:00]} 2. Nf3 {[%clk 01:30:00]} Nc6
{[%clk 01:30:00]} {[%emt 00:00:03]} 3. Bc4 {[%clk 01:30:00]} {[%emt 00:00:04]}
Bc5 {[%clk 01:30:00]} {[%emt 00:00:04]} 4. c3 {[%clk 01:30:00]} {[%emt
00:00:14]} Nf6 {[%clk 01:30:00]} 5. d3 {[%clk 01:30:00]} d6 {[%clk 01:29:54]}
{[%emt 00:00:10]} 6. O-O {[%clk 01:30:00]} {[%emt 00:00:41]} a6 {[%clk
01:28:51]} {[%emt 00:00:39]} 7. Nbd2 {[%clk 01:29:46]} {[%emt 00:00:24]} h6
{[%clk 01:28:13]} {[%emt 00:00:46]} 8. Re1 {[%clk 01:29:24]} {[%emt 00:00:31]}
Ba7 {[%clk 01:24:14]} {[%emt 00:04:14]} 9. Nf1 {[%clk 01:28:01]} {[%emt
00:01:29]} Na5 {[%clk 01:23:06]} {[%emt 00:01:21]} 10. Bb3 {[%clk 01:26:55]}
{[%emt 00:01:14]} Nxb3 {[%clk 01:23:03]} {[%emt 00:00:27]} 11. axb3 {[%clk
01:16:14]} {[%emt 00:11:00]} Nh7 {[%clk 01:19:40]} {[%emt 00:03:17]} 12. d4
{[%clk 01:10:48]} {[%emt 00:05:28]} Qe7 {[%clk 01:16:10]} {[%emt 00:03:42]} 13.
Ne3 {[%clk 00:57:56]} {[%emt 00:13:02]} f6 {[%clk 01:09:12]} {[%emt 00:07:16]}
14. dxe5 {[%clk 00:23:49]} {[%emt 00:34:23]} fxe5 {[%clk 01:05:49]} {[%emt
00:03:17]} 15. Nd5 {[%clk 00:23:34]} {[%emt 00:00:25]} Qf7 {[%clk 01:04:56]}
{[%emt 00:01:03]} 16. Be3 {[%clk 00:23:34]} {[%emt 00:00:07]} Bxe3 {[%clk
01:04:37]} {[%emt 00:00:46]} 17. Rxe3 {[%clk 00:23:26]} {[%emt 00:00:04]} Nf6
{[%clk 01:04:04]} {[%emt 00:00:40]} 18. Ne1 {[%clk 00:17:13]} {[%emt 00:06:26]}
Nxd5 {[%clk 01:01:41]} {[%emt 00:02:36]} 19. exd5 {[%clk 00:16:59]} {[%emt
00:00:23]} O-O {[%clk 01:01:35]} {[%emt 00:00:17]} 20. Rf3 {[%clk 00:13:15]}
{[%emt 00:03:47]} Qe7 {[%clk 00:59:13]} {[%emt 00:02:34]} 0-1

[Event "2024 US National High School (K-12) Championship"]
[Site "Baltimore, Maryland, United States"]
[Date "2024.04.06"]
[Round "4.23"]
[White "Pinnow, Daniel S"]
[Black "Kumar, Pranava"]
[Result "1-0"]
[TimeControl "G/90; d10"]
[BlackFideId "30949971"]
[WhiteElo "1357"]
[BlackElo "1599"]

1. e4 {[%clk 01:30:00]} {[%emt 00:00:11]} c5 {[%clk 01:30:00]} 2. b3 {[%clk
01:30:00]} e6 {[%clk 01:29:58]} 3. Bb2 {[%clk 01:29:57]} {[%emt 00:00:04]} a6
{[%clk 01:29:58]} {[%emt 00:00:06]} 4. Nf3 {[%clk 01:29:45]} {[%emt 00:00:21]}
Qc7 {[%clk 01:29:58]} {[%emt 00:00:10]} 5. d4 {[%clk 01:29:23]} {[%emt
00:00:48]} cxd4 {[%clk 01:29:51]} 6. Bxd4 {[%clk 01:29:18]} {[%emt 00:00:11]}
d6 {[%clk 01:28:42]} {[%emt 00:01:21]} 7. Nbd2 {[%clk 01:27:47]} {[%emt
00:01:39]} Nd7 {[%clk 01:28:26]} {[%emt 00:00:34]} 8. Be2 {[%emt 00:05:25]} b5
{[%clk 01:23:38]} {[%emt 00:00:33]} 9. O-O {[%clk 01:26:13]} {[%emt 00:00:45]}
Ngf6 {[%clk 01:23:31]} {[%emt 00:00:17]} 10. c4 {[%clk 01:25:40]} {[%emt
00:00:43]} b4 {[%clk 01:23:12]} {[%emt 00:00:33]} 11. Qc2 {[%clk 01:23:39]}
{[%emt 00:02:08]} Bb7 {[%clk 01:22:23]} {[%emt 00:00:58]} 12. Rfe1 {[%clk
01:22:36]} {[%emt 00:01:33]} Be7 {[%clk 01:21:30]} {[%emt 00:00:43]} 13. h3
{[%clk 01:21:32]} {[%emt 00:01:15]} O-O {[%clk 01:20:26]} {[%emt 00:01:16]} 14.
Nh2 {[%clk 01:20:19]} {[%emt 00:01:21]} d5 {[%clk 01:17:58]} {[%emt 00:02:38]}
15. exd5 {[%emt 00:00:59]} 1-0

[Event "2024 US National High School (K-12) Championship"]
[Site "Baltimore, Maryland, United States"]
[Date "2024.04.06"]
[Round "4.24"]
[White "Litt, Aiden"]
[Black "Jain, Nishant"]
[Result "1/2-1/2"]
[TimeControl "G/90; d10"]
[WhiteElo "1342"]
[BlackElo "1576"]

1. e4 e6 2. Nf3 d5 3. exd5 exd5 4. d4 Nf6 5. Bd3 Bd6 6. O-O O-O 7. h3 c6 8. c3
Qc7 9. Re1 h6 10. Qc2 Nbd7 11. Nbd2 b6 12. c4 Bb7 13. cxd5 Nxd5 14. a3 c5 15.
Ne4 Nf4 16. Nxd6 Nxd3 17. Qxd3 Qxd6 18. Bd2 Bxf3 19. Qxf3 cxd4 20. Rad1 Rfd8 21.
Bf4 Qf6 22. Re4 Nc5 23. Rexd4 Ne6 24. Rb4 a5 25. Rxb6 {[%clk 01:30:00]} Rab8
{[%clk 01:29:28]} 1/2-1/2

[Event "2024 US National High School (K-12) Championship"]
[Site "Baltimore, Maryland, United States"]
[Date "2024.04.06"]
[Round "4.25"]
[White "Kogan, Jonathan"]
[Black "Villalta, Josue Daniel"]
[Result "1-0"]
[TimeControl "G/90; d10"]
[WhiteElo "798"]
[BlackElo "703"]

1. e4 {[%clk 01:30:00]} {[%emt 00:00:01]} e6 {[%clk 01:30:00]} {[%emt
00:00:01]} 2. d4 {[%clk 01:30:00]} {[%emt 00:00:10]} d5 {[%clk 01:30:00]}
{[%emt 00:00:03]} 3. e5 {[%clk 01:30:00]} {[%emt 00:00:08]} c5 {[%clk
01:30:00]} {[%emt 00:00:04]} 4. c3 {[%clk 01:29:48]} {[%emt 00:00:23]} Nc6
{[%clk 01:30:00]} {[%emt 00:00:08]} 5. Nf3 {[%clk 01:29:48]} {[%emt 00:00:09]}
Qb6 {[%clk 01:29:59]} {[%emt 00:00:12]} 6. Qb3 {[%clk 01:28:31]} {[%emt
00:01:27]} Qxb3 {[%clk 01:29:42]} {[%emt 00:00:27]} 7. axb3 {[%clk 01:28:31]}
{[%emt 00:00:07]} cxd4 {[%clk 01:29:42]} {[%emt 00:00:03]} 8. cxd4 {[%emt
00:00:16]} Nge7 {[%emt 00:00:23]} 9. Bb5 {[%clk 01:27:47]} {[%emt 00:00:15]}
Bd7 {[%clk 01:28:57]} {[%emt 00:00:54]} 10. Nc3 {[%clk 01:27:27]} {[%emt
00:00:29]} Nf5 {[%clk 01:28:53]} {[%emt 00:00:15]} 11. Be3 {[%clk 01:27:06]}
{[%emt 00:00:30]} Be7 {[%clk 01:28:14]} {[%emt 00:00:49]} 12. O-O {[%clk
01:25:51]} {[%emt 00:01:25]} O-O {[%clk 01:26:38]} {[%emt 00:01:46]} 13. Rac1
{[%clk 01:24:39]} {[%emt 00:01:22]} a6 {[%clk 01:26:31]} {[%emt 00:00:17]} 14.
Bxc6 {[%clk 01:24:34]} {[%emt 00:00:14]} bxc6 {[%clk 01:26:31]} {[%emt
00:00:09]} 15. Bg5 {[%clk 01:24:22]} {[%emt 00:00:22]} f6 {[%clk 01:25:31]}
{[%emt 00:01:11]} 16. exf6 {[%emt 00:03:59]} Bxf6 {[%emt 00:00:05]} 17. Bxf6
{[%clk 01:20:10]} {[%emt 00:00:17]} Rxf6 {[%clk 01:25:31]} {[%emt 00:00:05]} 18.
Ne5 {[%clk 01:20:10]} {[%emt 00:00:10]} Be8 {[%clk 01:25:23]} {[%emt 00:00:16]}
19. Ne2 {[%clk 01:20:00]} {[%emt 00:00:23]} Ne7 {[%clk 01:24:57]} {[%emt
00:00:36]} 20. Ng3 {[%clk 01:19:53]} {[%emt 00:00:16]} Rb8 {[%clk 01:24:02]}
{[%emt 00:01:06]} 21. Rc3 {[%clk 01:19:00]} {[%emt 00:01:03]} a5 {[%clk
01:23:01]} {[%emt 00:01:12]} 22. Ra1 {[%clk 01:18:30]} {[%emt 00:00:39]} Rb4
{[%clk 01:21:47]} {[%emt 00:01:25]} 23. Ra4 {[%clk 01:18:02]} {[%emt 00:00:39]}
Rf4 {[%clk 01:21:24]} {[%emt 00:00:32]} 24. Nf3 {[%clk 01:15:32]} {[%emt
00:02:39]} Nf5 {[%clk 01:20:00]} {[%emt 00:01:35]} 25. Nxf5 {[%emt 00:00:46]}
exf5 {[%emt 00:00:28]} 26. Rxa5 {[%clk 01:13:07]} {[%emt 00:01:23]} Rb6 {[%clk
01:17:56]} {[%emt 00:02:13]} 27. Ra8 {[%clk 01:12:42]} {[%emt 00:00:35]} Kf8
{[%clk 01:17:40]} {[%emt 00:00:26]} 28. Re3 {[%clk 01:12:12]} {[%emt 00:00:40]}
Re4 {[%clk 01:16:40]} {[%emt 00:01:11]} 29. Ng5 {[%clk 01:11:32]} {[%emt
00:00:50]} Rxe3 {[%clk 01:16:17]} {[%emt 00:00:33]} 30. fxe3 {[%clk 01:11:32]}
{[%emt 00:00:08]} h6 {[%clk 01:15:39]} {[%emt 00:00:48]} 31. Ne6+ {[%clk
01:10:03]} {[%emt 00:01:37]} Kf7 {[%clk 01:13:34]} {[%emt 00:02:15]} 32. Nc5
{[%clk 01:09:40]} {[%emt 00:00:33]} g5 {[%clk 01:12:01]} {[%emt 00:01:43]} 33.
Kf2 {[%clk 01:09:29]} {[%emt 00:00:20]} h5 {[%clk 01:09:51]} {[%emt 00:02:20]}
34. h3 {[%clk 01:08:24]} {[%emt 00:01:16]} h4 {[%clk 01:08:33]} {[%emt
00:01:28]} 35. g3 {[%clk 01:08:17]} {[%emt 00:00:17]} hxg3+ {[%clk 01:08:31]}
{[%emt 00:00:12]} 36. Kxg3 {[%clk 01:08:17]} {[%emt 00:00:06]} Ke7 {[%clk
01:08:28]} {[%emt 00:00:14]} 37. h4 {[%clk 01:07:35]} {[%emt 00:00:52]} gxh4+
{[%clk 01:08:12]} {[%emt 00:00:26]} 38. Kxh4 {[%clk 01:07:35]} {[%emt
00:00:05]} Bf7 {[%clk 01:07:36]} {[%emt 00:00:43]} 39. Ra7+ {[%clk 01:07:19]}
{[%emt 00:00:29]} Kf8 {[%clk 01:06:32]} {[%emt 00:01:15]} 40. Nd7+ {[%clk
01:07:17]} {[%emt 00:00:11]} Kg8 {[%clk 01:06:32]} {[%emt 00:00:04]} 41. Nxb6
{[%clk 01:07:06]} {[%emt 00:00:21]} 1-0

[Event "2024 US National High School (K-12) Championship"]
[Site "Baltimore, Maryland, United States"]
[Date "2024.04.06"]
[Round "4.26"]
[White "Thomas, Richard"]
[Black "Cheung, Daniel"]
[Result "1-0"]
[TimeControl "G/90; d10"]
[WhiteElo "794"]
[BlackElo "695"]

1. e4 {[%clk 01:30:00]} d5 {[%clk 01:30:00]} {[%emt 00:00:08]} 2. exd5 {[%clk
01:30:00]} {[%emt 00:00:06]} c6 {[%clk 01:30:00]} {[%emt 00:00:07]} 3. dxc6
{[%clk 01:29:39]} {[%emt 00:00:31]} Nxc6 {[%clk 01:30:00]} {[%emt 00:00:09]} 4.
Nf3 {[%clk 01:29:02]} {[%emt 00:00:46]} Bf5 {[%clk 01:29:46]} {[%emt 00:00:24]}
5. Bb5 {[%clk 01:28:21]} {[%emt 00:00:52]} Qb6 {[%clk 01:29:05]} {[%emt
00:00:51]} 6. Bxc6+ {[%clk 01:27:51]} {[%emt 00:00:40]} Qxc6 {[%clk 01:29:05]}
{[%emt 00:00:09]} 7. d3 {[%clk 01:27:17]} {[%emt 00:00:43]} Qg6 {[%clk
01:27:52]} {[%emt 00:01:23]} 8. Nh4 {[%clk 01:26:45]} {[%emt 00:00:43]} Qg4
{[%clk 01:27:00]} {[%emt 00:00:59]} 9. Qxg4 {[%clk 01:26:38]} {[%emt 00:00:19]}
Bxg4 {[%clk 01:27:00]} {[%emt 00:00:08]} 10. Nc3 {[%clk 01:26:35]} {[%emt
00:00:12]} g5 {[%clk 01:26:38]} {[%emt 00:00:33]} 11. Bxg5 {[%clk 01:26:04]}
{[%emt 00:00:41]} f6 {[%clk 01:26:06]} {[%emt 00:00:42]} 12. Be3 {[%clk
01:24:55]} {[%emt 00:01:18]} e5 {[%clk 01:25:38]} {[%emt 00:00:38]} 13. Nb5
{[%clk 01:23:50]} {[%emt 00:01:15]} Bb4+ {[%clk 01:24:40]} {[%emt 00:01:08]} 14.
c3 {[%clk 01:23:22]} {[%emt 00:00:39]} Ba5 {[%clk 01:24:39]} {[%emt 00:00:10]}
15. Nd6+ {[%clk 01:22:48]} {[%emt 00:00:44]} Kd7 {[%clk 01:24:08]} {[%emt
00:00:41]} 16. Nf7 {[%emt 00:01:09]} Ne7 {[%clk 01:23:27]} {[%emt 00:00:20]} 17.
Nxh8 {[%clk 01:22:16]} Rxh8 {[%clk 01:23:27]} 18. Bxa7 {[%clk 01:22:16]} b6
{[%clk 01:23:14]} {[%emt 00:01:09]} 19. b4 {[%clk 01:21:56]} Nc6 {[%clk
01:23:14]} 20. bxa5 {[%clk 01:21:56]} Nxa7 {[%clk 01:22:30]} {[%emt 00:01:36]}
21. axb6 {[%clk 01:21:50]} Nb5 {[%clk 01:22:30]} 22. h3 {[%clk 01:21:50]} Be6
{[%clk 01:22:30]} 23. c4 {[%clk 01:21:50]} Nd4 {[%clk 01:22:30]} 24. Kd2 {[%clk
01:21:50]} e4 {[%clk 01:22:30]} 25. dxe4 {[%clk 01:13:09]} {[%emt 00:15:24]}
Bxc4 {[%clk 01:15:35]} {[%emt 00:01:50]} 26. Kc3 {[%clk 01:13:05]} {[%emt
00:00:13]} Bxa2 {[%clk 01:13:05]} {[%emt 00:02:41]} 27. Kxd4 {[%clk 01:12:48]}
{[%emt 00:00:27]} Be6 {[%clk 01:11:21]} {[%emt 00:01:55]} 28. Rhc1 {[%clk
01:12:02]} {[%emt 00:00:56]} Kd6 {[%clk 01:08:50]} {[%emt 00:02:41]} 29. b7
{[%clk 01:11:13]} {[%emt 00:01:00]} Rb8 {[%clk 01:07:49]} {[%emt 00:01:12]} 30.
Ra6+ {[%clk 01:10:52]} {[%emt 00:00:31]} Kd7 {[%clk 01:06:59]} {[%emt
00:01:01]} 31. Ra7 {[%clk 01:10:03]} {[%emt 00:00:58]} Kd6 {[%clk 01:06:08]}
{[%emt 00:01:01]} 32. Nf5+ {[%clk 01:09:44]} {[%emt 00:00:30]} Kd7 {[%clk
01:05:32]} {[%emt 00:00:42]} 33. Kc5 {[%clk 01:08:50]} {[%emt 00:01:07]} Ke8
{[%clk 01:01:45]} {[%emt 00:03:57]} 34. Ra8 {[%clk 01:08:20]} {[%emt 00:00:39]}
Rc8+ {[%clk 00:59:02]} {[%emt 00:02:54]} 35. Rxc8+ {[%clk 01:08:16]} {[%emt
00:00:14]} Bxc8 {[%clk 00:59:02]} {[%emt 00:00:10]} 36. bxc8=Q+ {[%clk
01:08:11]} {[%emt 00:00:10]} Kf7 {[%clk 00:58:46]} {[%emt 00:00:30]} 37. Qd7+
{[%clk 01:07:49]} {[%emt 00:00:33]} Kg6 {[%clk 00:58:27]} {[%emt 00:00:28]} 38.
Qg7+ {[%clk 01:07:44]} {[%emt 00:00:14]} 1-0